[Event "Tournoi Skype 013A"]
[Site "Skype"]
[Date "????.??.??"]
[Round "1.1"]
[White "Engstrom, Olle"]
[Black "Hervais, Adrien"]
[Result "0-1"]
[WhiteElo "1639"]
[BlackElo "2069"]
[PlyCount "78"]

1. e4 e5 2. Nf3 Nf6 3. Nxe5 d6 4. Nf3 Nxe4 5. d4 d5 6. Bd3 Nc6 7. O-O Bg4 8. c3
Be7 9. Re1 f5 10. Nbd2 O-O 11. h3 Bh5 12. Nf1 Bh4 13. g3 Bg5 14. Bxe4 Bxc1 15.
Qxc1 fxe4 16. Ng5 Qf6 17. Qe3 h6 18. Nxe4 dxe4 19. g4 Bg6 20. Rad1 Qh4 21. Qg3
Qf6 22. Re3 Rad8 23. Nd2 Rde8 24. Rde1 Qg5 25. Kg2 Qd5 26. Qxc7 Re7 27. Qg3
Qxa2 28. Nxe4 Qxb2 29. Nd6 Rd7 30. R1e2 Qb3 31. Nf5 Bxf5 32. gxf5 Rxf5 33. Qh4
Qd5+ 34. Kh2 Rg5 35. Re8+ Kh7 36. R2e4 Re7 37. R8xe7 Nxe7 38. Rg4 Nf5 39. Rxg5
Qd6+ 0-1

[Event "Tournoi Skype 013A"]
[Site "Skype"]
[Date "????.??.??"]
[Round "1.2"]
[White "Auger, Bertrand"]
[Black "Bourdeau, Yvan"]
[Result "1-0"]
[WhiteElo "2057"]
[BlackElo "1634"]
[PlyCount "59"]

1. Nf3 c5 2. c4 Nc6 3. Nc3 Nf6 4. g3 g6 5. Bg2 Bg7 6. d4 cxd4 7. Nxd4 Nxd4 8.
Qxd4 d6 9. O-O O-O 10. Qd3 Rb8 11. Bd2 Be6 12. Nd5 Bxd5 13. cxd5 Qd7 14. Be3 b6
15. Rac1 Rbc8 16. Rc6 Rxc6 17. dxc6 Qc7 18. b4 Ne8 19. a4 Qc8 20. a5 Nc7 21.
axb6 axb6 22. Bxb6 Re8 23. Rb1 Bf8 24. b5 d5 25. Ba5 Nxb5 26. Qxb5 e6 27. c7
Bd6 28. Qc6 Qa8 29. Qxd6 Qxa5 30. Rb8 1-0

[Event "Tournoi Skype 013A"]
[Site "Skype"]
[Date "????.??.??"]
[Round "1.3"]
[White "De Leener, Luc"]
[Black "Segura Lozano, Marcos Antonio"]
[Result "1-0"]
[WhiteElo "1634"]
[BlackElo "1989"]
[PlyCount "59"]

1. e4 d5 2. exd5 Qxd5 3. Nc3 Qa5 4. d4 c6 5. Bd2 Qc7 6. Nf3 Bf5 7. Bd3 g6 8.
O-O Nd7 9. Qe2 e6 10. Rfe1 O-O-O 11. a4 Bg4 12. h3 Bxf3 13. Qxf3 Nb6 14. a5 Nd5
15. Nxd5 exd5 16. c4 Nh6 17. cxd5 Rxd5 18. Re8+ Rd8 19. Bf4 Qd7 20. Rxd8+ Kxd8
21. a6 b6 22. Rc1 Nf5 23. Bxf5 gxf5 24. Rxc6 Bb4 25. Bc7+ Ke7 26. Qe3+ Kf8 27.
Qh6+ Ke8 28. Be5 Rg8 29. Rc7 Qd8 30. Qc6+ 1-0

[Event "Tournoi Skype 013A"]
[Site "Skype"]
[Date "????.??.??"]
[Round "1.4"]
[White "Hilton, Stephen"]
[Black "Mulrooney, Justin"]
[Result "1-0"]
[WhiteElo "1952"]
[BlackElo "1624"]
[PlyCount "61"]

1. c4 e6 2. Nc3 Nf6 3. e4 d6 4. d4 Be7 5. Bd3 c5 6. d5 O-O 7. Nge2 Bd7 8. O-O
Na6 9. a3 Nc7 10. f4 a6 11. e5 Nfe8 12. Ng3 f6 13. f5 dxe5 14. fxe6 Bc8 15. Qh5
f5 16. Rxf5 g6 17. Rxf8+ Bxf8 18. Qxe5 Bg7 19. Qe2 Qe7 20. Bf4 Nd6 21. Rf1 b6
22. Nce4 Nce8 23. Bg5 Bd4+ 24. Kh1 Qc7 25. Qf3 Bg7 26. Nxd6 Nxd6 27. Bf4 Ra7
28. Ne4 Bf8 29. Be5 Qd8 30. Nf6+ Kg7 31. Ne8+ 1-0

[Event "Tournoi Skype 013A"]
[Site "Skype"]
[Date "????.??.??"]
[Round "1.5"]
[White "Le Brun, Yves"]
[Black "Lambert, Pierre"]
[Result "0-1"]
[WhiteElo "1589"]
[BlackElo "1916"]
[PlyCount "56"]

1. Nf3 Nf6 2. c4 g6 3. Nc3 Bg7 4. g3 O-O 5. Bg2 c6 6. O-O d5 7. cxd5 cxd5 8. d4
Nc6 9. Bf4 a6 10. Rc1 Re8 11. Re1 Bf5 12. Nh4 Qd7 13. Nxf5 Qxf5 14. e4 dxe4 15.
Nxe4 Nd5 16. g4 Qxf4 17. Rc4 Rad8 18. Nc5 Qb8 19. b4 Nb6 20. Bxc6 Nxc4 21. Bxe8
Rxe8 22. Nd7 Qf4 23. Nc5 Bxd4 24. Nd3 Qd2 25. Qf3 Nd6 26. Re2 Qd1+ 27. Kg2 e6
28. Nb2 Bxb2 0-1

[Event "Tournoi Skype 013A"]
[Site "Skype"]
[Date "????.??.??"]
[Round "1.6"]
[White "Deville, Olivier"]
[Black "Briere, Jean"]
[Result "1-0"]
[WhiteElo "1896"]
[BlackElo "1554"]
[PlyCount "65"]

1. Nf3 Nf6 2. c4 c5 3. Nc3 e6 4. g3 d5 5. cxd5 exd5 6. d4 c4 7. Bg5 Be7 8. Bxf6
Bxf6 9. e3 O-O 10. Bg2 Nc6 11. O-O a6 12. b3 b5 13. Nd2 Be6 14. bxc4 bxc4 15.
Nxc4 dxc4 16. Bxc6 Rb8 17. Qa4 Rb6 18. Rab1 Qc7 19. Rxb6 Qxb6 20. Rb1 Qa7 21.
Rb7 Qa8 22. Rb6 Qc8 23. Rxa6 g6 24. Ra8 Qc7 25. Rxf8+ Kxf8 26. Qb5 Qa7 27. a4
Bd8 28. d5 Bc8 29. Qxc4 Bh3 30. d6 Qb6 31. Nb5 Qa5 32. Qc3 Qxa4 33. Qh8# 1-0

[Event "Tournoi Skype 013A"]
[Site "Skype"]
[Date "????.??.??"]
[Round "1.7"]
[White "Loyarte, Frederic"]
[Black "Altinok, Kerim"]
[Result "1/2-1/2"]
[WhiteElo "1547"]
[BlackElo "1883"]
[PlyCount "77"]

1. d4 d5 2. c4 e6 3. Nc3 Nf6 4. Bf4 Nbd7 5. e3 c6 6. Nf3 Be7 7. Be2 dxc4 8.
Bxc4 b5 9. Bd3 Bb7 10. O-O O-O 11. Qc2 a6 12. Ne5 c5 13. dxc5 Nxc5 14. Rad1
Nxd3 15. Qxd3 Qxd3 16. Rxd3 Rfd8 17. Rfd1 Nh5 18. Ne2 Nxf4 19. Nxf4 Rxd3 20.
Rxd3 Rd8 21. Nd7 Bc6 22. Ne5 Rxd3 23. Nfxd3 Bd5 24. b3 f6 25. Nd7 Kf7 26. f4
Bd6 27. h4 Ke7 28. N7c5 a5 29. e4 Bc6 30. e5 Bc7 31. Kf2 Bb6 32. g4 Be4 33. Ke2
Bxd3+ 34. Nxd3 Kd7 35. h5 h6 36. Kf3 f5 37. a3 Kc6 38. gxf5 exf5 39. Ke2
1/2-1/2

[Event "Tournoi Skype 013A"]
[Site "Skype"]
[Date "????.??.??"]
[Round "1.8"]
[White "Plourde, Alain"]
[Black "Dubois, Real"]
[Result "1-0"]
[WhiteElo "1878"]
[BlackElo "1543"]
[PlyCount "128"]

1. d4 d5 2. c4 e6 3. Nc3 Nf6 4. Nf3 c6 5. Bg5 Be7 6. e3 Qc7 7. Qc2 Nbd7 8. Rc1
O-O 9. Bd3 g6 10. O-O Re8 11. h3 Nf8 12. Rfd1 Nh5 13. Bh6 Bf6 14. cxd5 exd5 15.
Nxd5 Qd8 16. Nxf6+ Qxf6 17. Qc5 Bxh3 18. Bg5 Qe6 19. Bc4 Qd7 20. Bxf7+ Qxf7 21.
Ne5 Rxe5 22. Qxe5 Qe6 23. gxh3 Re8 24. Qxe6+ Nxe6 25. Bh4 g5 26. Bg3 Nf6 27.
Be5 Nd7 28. Bd6 Nb6 29. b3 Nc8 30. Be5 Ne7 31. a4 Ng6 32. Bg3 Ne7 33. b4 a6 34.
Kg2 h5 35. h4 g4 36. f3 gxf3+ 37. Kxf3 Rf8+ 38. Ke2 Nf5 39. Bf2 Ne7 40. Rg1+
Kf7 41. Rcf1 Ke8 42. Bg3 Rxf1 43. Rxf1 Nd5 44. Be1 Ke7 45. a5 Nf8 46. Kd3 Ng6
47. e4 Nc7 48. Kc4 Ne6 49. d5 cxd5+ 50. exd5 Ne5+ 51. Kc3 Nc7 52. Kd4 Nf7 53.
Rf5 Nb5+ 54. Kc5 Nfd6 55. Rxh5 Ne4+ 56. Kb6 Kd6 57. Kxb7 Nc7 58. Rh6+ Kd7 59.
Rh7+ Kd6 60. Rxc7 Kxd5 61. h5 Nf6 62. Rc5+ Ke6 63. Rc6+ Kf5 64. Rxf6+ Kxf6 1-0

[Event "Tournoi Skype 013A"]
[Site "Skype"]
[Date "????.??.??"]
[Round "1.9"]
[White "Karia, Vijay"]
[Black "Altinok, Selim"]
[Result "1/2-1/2"]
[WhiteElo "1540"]
[BlackElo "1875"]
[PlyCount "45"]

1. e4 g6 2. Nf3 d6 3. Bc4 Bg7 4. O-O Nf6 5. Nc3 O-O 6. d4 Nbd7 7. h3 e5 8. Bg5
h6 9. Bh4 c6 10. dxe5 dxe5 11. Bg3 Qe7 12. Nh4 Kh7 13. Qd3 Nc5 14. Qe2 Nh5 15.
Qf3 Nxg3 16. fxg3 Ne6 17. Kh1 Nd4 18. Qf2 Be6 19. Bd3 Rad8 20. Nf3 b5 21. a3
Rd7 22. g4 Nxf3 23. gxf3 1/2-1/2

[Event "Tournoi Skype 013A"]
[Site "Skype"]
[Date "????.??.??"]
[Round "1.10"]
[White "Salazar Ticeran, Antonio"]
[Black "Fouquereau, Andre"]
[Result "1-0"]
[WhiteElo "1868"]
[BlackElo "1537"]
[PlyCount "45"]

1. e4 e5 2. Nf3 d6 3. Bc4 Be7 4. Nc3 c6 5. d3 Nf6 6. h3 Nbd7 7. Be3 Qc7 8. Qd2
Nf8 9. g4 h6 10. O-O-O Ne6 11. Rdg1 Bd7 12. g5 hxg5 13. Bxe6 fxe6 14. Nxg5 Nh5
15. Rg4 d5 16. d4 Nf6 17. Rg3 dxe4 18. Ngxe4 Nxe4 19. Nxe4 O-O-O 20. Rxg7 Rde8
21. f3 Qd8 22. dxe5 Bf8 23. Bxa7 1-0

[Event "Tournoi Skype 013A"]
[Site "Skype"]
[Date "????.??.??"]
[Round "1.11"]
[White "Malbec, Robert"]
[Black "Jacquelin, Norbert"]
[Result "0-1"]
[WhiteElo "1520"]
[BlackElo "1856"]
[PlyCount "58"]

1. e4 e5 2. Nf3 Nf6 3. Nxe5 d6 4. Nf3 Nxe4 5. Bc4 d5 6. Bb3 Bg4 7. O-O Be7 8.
Qe2 Ng5 9. Nc3 c6 10. d4 Nxf3+ 11. gxf3 Be6 12. Kh1 Qc7 13. Rg1 Nd7 14. Rxg7
Bf6 15. Rg3 O-O-O 16. Be3 Bh4 17. Rg7 Rdg8 18. Rag1 Rxg7 19. Rxg7 Nf6 20. Qf1
Nh5 21. Rg1 Qd7 22. Qe2 Re8 23. f4 Nf6 24. f3 Bh3 25. Qd2 Qd6 26. Bf2 Bxf2 27.
Qxf2 Qxf4 28. Ne2 Ne4 29. Qe1 Qxf3+ 0-1

[Event "Tournoi Skype 013A"]
[Site "Skype"]
[Date "????.??.??"]
[Round "1.12"]
[White "Rico Hernandez, Edgar"]
[Black "Galani, Mahendra"]
[Result "1-0"]
[WhiteElo "1850"]
[BlackElo "1519"]
[PlyCount "99"]

1. d4 d5 2. c4 Nf6 3. Nc3 e6 4. Bg5 Bb4 5. e3 h6 6. Bxf6 Qxf6 7. Rc1 c6 8. Nf3
Nd7 9. Bd3 dxc4 10. Bxc4 Nb6 11. Bd3 Bd7 12. a3 Bd6 13. Ne4 Qe7 14. Nxd6+ Qxd6
15. O-O O-O-O 16. Ne5 Be8 17. Be4 Nd5 18. Qb3 Ne7 19. Rc2 f6 20. Nd3 f5 21. Bf3
g5 22. Nc5 b6 23. Nd3 g4 24. Be2 Nd5 25. Rfc1 Rh7 26. Ne5 Rc7 27. Bf1 h5 28.
Bc4 h4 29. Bxd5 exd5 30. Qd3 Qf6 31. b4 b5 32. Rc5 f4 33. Nxg4 Qg5 34. h3 Rd6
35. exf4 Qxf4 36. Re1 Bh5 37. Qe3 Qf5 38. f3 Kb7 39. Rc3 Bf7 40. Qf2 Bh5 41.
Qxh4 Bxg4 42. Qxg4 Qf6 43. Re5 Rg7 44. Qf5 Qh6 45. Rce3 Rdg6 46. Re2 Rg5 47.
Re7+ Rxe7 48. Rxe7+ Kb6 49. Qd7 Rg3 50. Qb7# 1-0

[Event "Tournoi Skype 013A"]
[Site "Skype"]
[Date "????.??.??"]
[Round "1.13"]
[White "Trivedi, Viral"]
[Black "Brun, Jacques"]
[Result "0-1"]
[WhiteElo "1509"]
[BlackElo "1831"]
[PlyCount "72"]

1. e4 c5 2. c3 Nf6 3. e5 Nd5 4. Bc4 Nb6 5. Qb3 Nxc4 6. Qxc4 b6 7. Nf3 Bb7 8.
Ng5 e6 9. d4 Be7 10. Nf3 O-O 11. O-O Ba6 12. Qb3 Bxf1 13. Kxf1 h6 14. dxc5 Bxc5
15. Nbd2 Nc6 16. Ne4 Be7 17. Qc2 d5 18. exd6 Bxd6 19. Nxd6 Qxd6 20. Be3 Rfd8
21. Nd4 Nxd4 22. Bxd4 e5 23. Be3 Qd3+ 24. Qxd3 Rxd3 25. Re1 Rad8 26. Ke2 f5 27.
f4 e4 28. h3 Kf7 29. g4 g6 30. gxf5 gxf5 31. Bf2 Rxh3 32. a3 Rf3 33. Be3 Rd3
34. Bc1 Rh3 35. Rg1 Rh2+ 36. Kf1 Rd1# 0-1

[Event "Tournoi Skype 013A"]
[Site "Skype"]
[Date "????.??.??"]
[Round "1.15"]
[White "Meaney, Mike"]
[Black "Meyer, Eric"]
[Result "0-1"]
[WhiteElo "1503"]
[BlackElo "1755"]
[PlyCount "106"]

1. e4 Nf6 2. Nc3 d6 3. Nf3 Nbd7 4. Bc4 g6 5. Ng5 Ne5 6. Be2 Bg7 7. d4 Nc6 8. d5
Ne5 9. O-O O-O 10. f4 Ned7 11. f5 Ne5 12. Bf4 Nh5 13. Bxh5 gxh5 14. Qxh5 h6 15.
Nh3 Kh7 16. Bxe5 Bxe5 17. Ng5+ Kg7 18. Rf3 Qe8 19. Rh3 Rh8 20. Nf3 Bf6 21. Qg4+
Kf8 22. Qf4 Kg7 23. Rg3+ Kf8 24. Rh3 Kg7 25. g4 Qg8 26. Kh1 Bd7 27. Rg1 Bxc3
28. bxc3 f6 29. Rgg3 Qf8 30. Rh4 Kf7 31. Rgh3 c6 32. Rxh6 Qg7 33. Rg6 Rxh3 34.
Rxg7+ Kxg7 35. Kg2 Rah8 36. g5 fxg5 37. Qxg5+ Kf8 38. Qg4 cxd5 39. Qxh3 Rxh3
40. Kxh3 dxe4 41. Nd4 Kg7 42. Kg4 Kf6 43. Kf4 e3 44. h4 e2 45. Nxe2 Bxf5 46.
Nd4 e5+ 47. Ke3 exd4+ 48. cxd4 Bxc2 49. Kd2 Bf5 50. Kc3 Be6 51. Kb4 Bxa2 52.
Kb5 Bd5 53. Kb4 Kg6 0-1

[Event "Tournoi Skype 013A"]
[Site "Skype"]
[Date "????.??.??"]
[Round "1.17"]
[White "Cuellar Martinez, Jose Gabriel"]
[Black "Ergin, Ahmet"]
[Result "0-1"]
[WhiteElo "1738"]
[BlackElo "1711"]
[PlyCount "90"]

1. d4 d5 2. Nf3 Nf6 3. Bf4 e6 4. h3 Bd6 5. Bxd6 Qxd6 6. e3 Nc6 7. c3 O-O 8. Bd3
e5 9. dxe5 Nxe5 10. Nxe5 Qxe5 11. O-O Re8 12. Nd2 Bd7 13. Qf3 Bc6 14. Qf5 Qxf5
15. Bxf5 Ne4 16. Nxe4 dxe4 17. Rad1 Rad8 18. Rd4 Rxd4 19. exd4 h5 20. h4 g6 21.
Bh3 f5 22. b3 Kg7 23. c4 Bd7 24. g3 a5 25. Rc1 e3 26. fxe3 Rxe3 27. Kf2 Rd3 28.
Rc2 Rxd4 29. Bg2 c6 30. Ke3 Rg4 31. Rd2 Be6 32. Kf2 f4 33. Bh3 fxg3+ 34. Kg1
Re4 35. Bxe6 Rxe6 36. Rd7+ Kf6 37. Rxb7 Kf5 38. Kg2 Kg4 39. b4 Re2+ 40. Kg1
Rxa2 41. bxa5 Rxa5 42. Rg7 Kh3 43. Rf7 Ra1+ 44. Rf1 Rxf1+ 45. Kxf1 Kh2 0-1

[Event "Tournoi Skype 013A"]
[Site "Skype"]
[Date "????.??.??"]
[Round "1.18"]
[White "Mishra, Om"]
[Black "Saponara, Jose Maria"]
[Result "1-0"]
[WhiteElo "1709"]
[BlackElo "1499"]
[PlyCount "91"]

1. e4 c6 2. d4 d5 3. exd5 cxd5 4. Bd3 e6 5. Bf4 Bd6 6. Bxd6 Qxd6 7. Nf3 Ne7 8.
c3 Nd7 9. O-O Ng6 10. Na3 a6 11. Re1 b5 12. Nc2 Nb6 13. Ne3 O-O 14. Qc2 f5 15.
Ne5 Nc4 16. Nxg6 hxg6 17. Nxc4 bxc4 18. Bf1 Rf6 19. Re5 Bd7 20. Rae1 Kf7 21. g3
Rh8 22. f4 Qf8 23. Qe2 Rh5 24. Bg2 Qh8 25. Bxd5 g5 26. Bxe6+ Bxe6 27. Rxe6 gxf4
28. Re8 Qh7 29. Rf8+ Kg6 30. Qe8+ Kg5 31. gxf4+ Kh4 32. Rxf6 gxf6 33. Re7 Qh6
34. Rh7 Rg5+ 35. fxg5 Qxh7 36. Qe1+ Kxg5 37. Qg3+ Kh6 38. Qh4+ Kg7 39. Qxh7+
Kxh7 40. b3 Kg6 41. bxc4 f4 42. c5 Kf5 43. c6 Ke6 44. c4 Kd6 45. d5 f3 46. h4
1-0

[Event "Tournoi Skype 013A"]
[Site "Skype"]
[Date "????.??.??"]
[Round "1.20"]
[White "Janssen, Gerard"]
[Black "Grimwood, Robert"]
[Result "1/2-1/2"]
[WhiteElo "1681"]
[BlackElo "1487"]
[PlyCount "70"]

1. d4 d5 2. c4 e6 3. Nc3 Nf6 4. Nf3 c5 5. e3 Nc6 6. a3 a6 7. cxd5 Nxd5 8. Qc2
cxd4 9. exd4 Nf6 10. Be3 Be7 11. Bd3 h6 12. h3 Bd7 13. Ne5 Rc8 14. O-O Nxe5 15.
dxe5 Nd5 16. Bd2 Bb5 17. Bxb5+ axb5 18. Rac1 b4 19. Qa4+ Qd7 20. Qxd7+ Kxd7 21.
Nxd5 exd5 22. axb4 Rxc1 23. Rxc1 Rc8 24. Rxc8 Kxc8 25. Bc3 g6 26. g3 Kd7 27. f4
b5 28. Kf2 Ke6 29. Ke3 f6 30. g4 fxe5 31. fxe5 Bd8 32. Kd3 Be7 33. Kd4 Bf8 34.
h4 h5 35. g5 Be7 1/2-1/2

[Event "Tournoi Skype 013A"]
[Site "Skype"]
[Date "????.??.??"]
[Round "1.21"]
[White "Antonic, Nenad"]
[Black "Murgia, Stefano"]
[Result "0-1"]
[WhiteElo "1486"]
[BlackElo "1681"]
[PlyCount "60"]

1. d4 f5 2. e3 g6 3. Nd2 Nf6 4. b3 Bg7 5. Bd3 Nc6 6. Ngf3 d6 7. e4 Nb4 8. Qe2
Nxd3+ 9. cxd3 O-O 10. Bb2 Qe8 11. a4 h6 12. h3 Qf7 13. Ra3 b6 14. O-O g5 15.
Nh2 Qg6 16. f3 Nh5 17. Rc1 c5 18. Qf1 cxd4 19. Rc7 g4 20. h4 Be5 21. Qc1 Nf4
22. Qc4+ Be6 23. Qc2 Nxg2 24. Nc4 gxf3 25. Nxe5 dxe5 26. Kh1 Ne3 27. Qf2 fxe4
28. Bc1 Qg2+ 29. Qxg2+ fxg2+ 30. Kg1 Rf1+ 0-1

[Event "Tournoi Skype 013A"]
[Site "Skype"]
[Date "????.??.??"]
[Round "1.22"]
[White "Patra Kumar, Subhendu"]
[Black "Prasad Singh, Ambika"]
[Result "1-0"]
[WhiteElo "1671"]
[BlackElo "1484"]
[PlyCount "67"]

1. e4 c5 2. Nf3 Nc6 3. d4 cxd4 4. Nxd4 Nf6 5. Nc3 a6 6. Be3 d6 7. Be2 e5 8. Nb3
Be6 9. Nd5 Nxd5 10. exd5 Na5 11. dxe6 fxe6 12. O-O Rc8 13. Qd2 Nc4 14. Bxc4
Rxc4 15. Rfd1 Qc7 16. c3 d5 17. Qe2 Bd6 18. Nd2 Rc6 19. Qg4 Qf7 20. Rf1 O-O 21.
Nf3 Bc7 22. Qh3 h6 23. Rae1 Bd6 24. Bc1 Rc7 25. Nxe5 Bxe5 26. Rxe5 Re8 27. Rfe1
Rc6 28. Qg4 g5 29. Be3 Kh7 30. Bd4 Kg6 31. h4 Kh7 32. hxg5 hxg5 33. Rxg5 Rg8
34. Qh4+ 1-0

[Event "Tournoi Skype 013A"]
[Site "Skype"]
[Date "????.??.??"]
[Round "1.24"]
[White "Casey, Eamonn"]
[Black "Hague, Mark"]
[Result "1/2-1/2"]
[WhiteElo "1662"]
[BlackElo "1442"]
[PlyCount "56"]

1. d4 Nf6 2. c4 c5 3. d5 b5 4. cxb5 a6 5. bxa6 Bxa6 6. Nc3 d6 7. Nf3 g6 8. Bg5
Bg7 9. Qd2 Qb6 10. Rb1 O-O 11. Bh6 Nbd7 12. Bxg7 Kxg7 13. g3 Rfb8 14. Bh3 Bc4
15. b3 Ba6 16. O-O Bc8 17. Rfe1 Qb7 18. Bg2 Nb6 19. e4 Bg4 20. e5 Nfxd5 21.
Nxd5 Qxd5 22. Qxd5 Nxd5 23. exd6 exd6 24. Ng5 Nc3 25. Bxa8 Nxb1 26. Bd5 Nc3 27.
Bc4 d5 28. Bd3 h6 1/2-1/2

[Event "Tournoi Skype 013A"]
[Site "Skype"]
[Date "????.??.??"]
[Round "1.26"]
[White "Legueltel, Daniel"]
[Black "Grib, Johannes"]
[Result "1-0"]
[WhiteElo "1649"]
[BlackElo "1435"]
[PlyCount "73"]

1. e4 e5 2. Nf3 Nc6 3. Bc4 Nf6 4. d3 h6 5. Nc3 Bc5 6. O-O d6 7. h3 Ne7 8. Re1
c6 9. Be3 Bxe3 10. Rxe3 b5 11. Bb3 Qc7 12. d4 Ng6 13. dxe5 dxe5 14. Ne2 a5 15.
a3 O-O 16. c4 Bb7 17. c5 Rad8 18. Qc2 a4 19. Ba2 Bc8 20. Rd1 Qe7 21. Rc1 Nh5
22. Rd3 Nhf4 23. Nxf4 Nxf4 24. Rxd8 Rxd8 25. Kh2 Nd3 26. Rd1 Qf6 27. Rxd3 Rxd3
28. Qxd3 Be6 29. Bxe6 fxe6 30. Qd6 Qf4+ 31. Kh1 Qxe4 32. Qxe6+ Kh7 33. Qxe5
Qb1+ 34. Kh2 Qc1 35. Nh4 Qg5 36. Qxg5 hxg5 37. Nf3 1-0

[Event "Tournoi Skype 013A"]
[Site "Skype"]
[Date "????.??.??"]
[Round "1.27"]
[White "Yildirim, Cagri"]
[Black "Dal, Ibrahim"]
[Result "1-0"]
[WhiteElo "1499"]
[BlackElo "1645"]
[PlyCount "41"]

1. e4 c6 2. c4 d5 3. cxd5 cxd5 4. exd5 Nf6 5. Nc3 Nxd5 6. Nf3 Nc6 7. Bb5 Nxc3
8. bxc3 Bd7 9. d4 e6 10. O-O a6 11. Bd3 Be7 12. Re1 O-O 13. Bd2 Bf6 14. Qb1 Ne7
15. Bxh7+ Kh8 16. Bd3 Bc6 17. Ne5 Bd5 18. Re3 Kg8 19. Bh7+ Kh8 20. Rh3 Bxe5 21.
Bg8+ 1-0

[Event "Tournoi Skype 013A"]
[Site "Skype"]
[Date "????.??.??"]
[Round "2.1"]
[White "Hervais, Adrien"]
[Black "Mishra, Om"]
[Result "1-0"]
[WhiteElo "2069"]
[BlackElo "1709"]
[PlyCount "85"]

1. e4 d5 2. Nc3 dxe4 3. Nxe4 Nc6 4. Nf3 e5 5. Bc4 Bf5 6. Qe2 Bxe4 7. Qxe4 Nf6
8. Qe2 Bd6 9. O-O O-O 10. c3 Re8 11. Ng5 Re7 12. d3 Qd7 13. Ne4 Nxe4 14. Qxe4
Na5 15. Bg5 Nxc4 16. dxc4 Ree8 17. Qxb7 Rab8 18. Qxa7 Rxb2 19. Rab1 Rxb1 20.
Rxb1 h6 21. Be3 Rd8 22. h3 f5 23. Rb8 f4 24. Rxd8+ Qxd8 25. Bc5 Kf7 26. Qa5 Ke6
27. Bxd6 Qxd6 28. Qb5 Qd1+ 29. Kh2 Qd2 30. Qe8+ Kf6 31. Qf8+ Kg6 32. Qe8+ Kf6
33. Qc6+ Qd6 34. Qxd6+ cxd6 35. f3 Ke6 36. Kg1 d5 37. cxd5+ Kxd5 38. Kf2 Kc4
39. a4 g5 40. Ke2 h5 41. a5 Kb5 42. Kd3 Kxa5 43. Ke4 1-0

[Event "Tournoi Skype 013A"]
[Site "Skype"]
[Date "????.??.??"]
[Round "2.2"]
[White "Ergin, Ahmet"]
[Black "Auger, Bertrand"]
[Result "0-1"]
[WhiteElo "1711"]
[BlackElo "2057"]
[PlyCount "98"]

1. e4 e6 2. d4 d5 3. e5 c5 4. c3 Qb6 5. Nf3 Nc6 6. Bd3 Bd7 7. O-O cxd4 8. cxd4
Nxd4 9. Nxd4 Qxd4 10. Nc3 Qxe5 11. Re1 Qb8 12. Nxd5 Bd6 13. Qg4 Kf8 14. Nf4 Nf6
15. Qh4 h5 16. Bd2 Ng4 17. Re4 Bc5 18. Rf1 Nf6 19. Re2 Qd8 20. Bc4 Be7 21. Qg3
Rc8 22. Rc1 Rxc4 23. Rxc4 Bb5 24. Rc2 Bxe2 25. Nxe2 Nd5 26. a3 g6 27. Qd3 Bf6
28. Nc3 Kg7 29. Nxd5 Qxd5 30. Qxd5 exd5 31. b4 Re8 32. Kf1 Re7 33. Rc5 d4 34.
Rd5 Be5 35. g3 h4 36. Bf4 f6 37. Bd2 hxg3 38. hxg3 Kf7 39. f4 Ke6 40. Rd8 Bd6
41. Kf2 f5 42. Ke2 Rh7 43. Kd3 Rh2 44. Rg8 Kf6 45. Rd8 Ke6 46. Rg8 Be7 47.
Rxg6+ Kf7 48. Rg5 Bxg5 49. fxg5 Rg2 0-1

[Event "Tournoi Skype 013A"]
[Site "Skype"]
[Date "????.??.??"]
[Round "2.3"]
[White "Kumar Pradhan, Soundarya"]
[Black "Hilton, Stephen"]
[Result "1-0"]
[WhiteElo "1690"]
[BlackElo "1952"]
[PlyCount "59"]

1. d4 Nf6 2. c4 g6 3. Nc3 Bg7 4. e4 O-O 5. e5 Ne8 6. f4 d6 7. Nf3 dxe5 8. fxe5
Nc6 9. Bf4 Bg4 10. Be3 e6 11. Be2 f6 12. O-O fxe5 13. Nxe5 Rxf1+ 14. Kxf1 Bxe2+
15. Qxe2 Nxe5 16. dxe5 Bxe5 17. Kg1 Qh4 18. g3 Qe7 19. Rf1 Ng7 20. Bh6 Bd4+ 21.
Kh1 Nf5 22. Bf4 e5 23. Nd5 Qd6 24. Bg5 h6 25. Bf6 c6 26. Qg4 Kf7 27. Rxf5 Qd7
28. Ne7 gxf5 29. Qg6+ Ke6 30. Bh4# 1-0

[Event "Tournoi Skype 013A"]
[Site "Skype"]
[Date "????.??.??"]
[Round "2.4"]
[White "Lambert, Pierre"]
[Black "Patra Kumar, Subhendu"]
[Result "0-1"]
[WhiteElo "1916"]
[BlackElo "1671"]
[PlyCount "64"]

1. e4 Nf6 2. e5 Nd5 3. c4 Nb6 4. d4 d6 5. exd6 exd6 6. Bd3 Nc6 7. Ne2 Be7 8.
Nbc3 O-O 9. O-O Bf6 10. Be3 Bg4 11. h3 Bh5 12. a3 Re8 13. Rc1 Bg5 14. Ne4 Bxe3
15. fxe3 Qd7 16. Qe1 Bg6 17. N2g3 f5 18. Ng5 Nxd4 19. Qc3 Rxe3 20. Nxf5 Ne2+
21. Bxe2 Rxc3 22. Rxc3 Bxf5 23. Rcf3 Bg6 24. Re3 Re8 25. Bg4 Rxe3 26. Bxd7 Nxd7
27. Rf4 h6 28. Nf3 Re4 29. Rxe4 Bxe4 30. Nd4 Ne5 31. Nb5 Nxc4 32. Nxc7 d5 0-1

[Event "Tournoi Skype 013A"]
[Site "Skype"]
[Date "????.??.??"]
[Round "2.5"]
[White "Murgia, Stefano"]
[Black "Deville, Olivier"]
[Result "0-1"]
[WhiteElo "1681"]
[BlackElo "1896"]
[PlyCount "34"]

1. e4 c5 2. Nf3 d6 3. d4 cxd4 4. Nxd4 Nf6 5. Nc3 a6 6. Qf3 Qc7 7. h3 b5 8. Bd3
Bb7 9. Be3 Nc6 10. Nxc6 Qxc6 11. a3 Nd7 12. O-O Rc8 13. Qg3 Ne5 14. f4 Nc4 15.
Bd4 e5 16. fxe5 dxe5 17. Bxe5 Qc5+ 0-1

[Event "Tournoi Skype 013A"]
[Site "Skype"]
[Date "????.??.??"]
[Round "2.6"]
[White "Holtz, Steve"]
[Black "Plourde, Alain"]
[Result "0-1"]
[WhiteElo "1503"]
[BlackElo "1878"]
[PlyCount "60"]

1. d4 d5 2. Nf3 e6 3. Nc3 c5 4. Bf4 Nf6 5. e3 a6 6. Be2 cxd4 7. Nxd4 Bd6 8.
Bxd6 Qxd6 9. Nf3 Nc6 10. Qd2 Qc7 11. O-O O-O 12. a3 b5 13. b4 Bb7 14. a4 Nxb4
15. axb5 Rfc8 16. bxa6 Bxa6 17. Bxa6 Rxa6 18. Nb5 Qc5 19. Nfd4 Rxa1 20. Rxa1 e5
21. c3 exd4 22. cxb4 Qxb5 23. exd4 h6 24. h3 Qc4 25. Rb1 Ne4 26. Qe1 Qxd4 27.
b5 Qb6 28. Kf1 Rc2 29. f3 Rf2+ 30. Kg1 Re2+ 0-1

[Event "Tournoi Skype 013A"]
[Site "Skype"]
[Date "????.??.??"]
[Round "2.8"]
[White "Jacquelin, Norbert"]
[Black "Legueltel, Daniel"]
[Result "1-0"]
[WhiteElo "1856"]
[BlackElo "1649"]
[PlyCount "89"]

1. e4 c5 2. Nc3 Nc6 3. g3 Nf6 4. Bg2 g6 5. d3 Bg7 6. Be3 d6 7. h3 Qb6 8. Rb1
Be6 9. Nd5 Bxd5 10. exd5 Ne5 11. f4 Ned7 12. Ne2 Qa5+ 13. Nc3 b5 14. a3 b4 15.
axb4 Qxb4 16. O-O O-O 17. Ne2 Nb6 18. c3 Qb5 19. c4 Qd7 20. Nc3 Rab8 21. Qf3
Na4 22. Nxa4 Qxa4 23. g4 Nd7 24. Qe2 Qb3 25. f5 Ne5 26. Be4 a5 27. Rf2 Nd7 28.
Qf1 a4 29. Ra1 Bxb2 30. Rb1 Qa3 31. fxg6 fxg6 32. Rxf8+ Rxf8 33. Qe2 Bc3 34.
Kg2 Bg7 35. Rb7 Ne5 36. d4 Nxc4 37. Bg1 Qc3 38. dxc5 dxc5 39. Bxc5 a3 40. Bb1
Be5 41. Bd3 a2 42. Ra7 Na3 43. Rxa3 Qxa3 44. Bxa3 a1=Q 45. Bxe7 1-0

[Event "Tournoi Skype 013A"]
[Site "Skype"]
[Date "????.??.??"]
[Round "2.9"]
[White "Belouin, Alexis"]
[Black "Rico Hernandez, Edgar"]
[Result "1/2-1/2"]
[WhiteElo "1479"]
[BlackElo "1850"]
[PlyCount "99"]

1. e3 d5 2. d4 Nf6 3. Nf3 Bg4 4. Nc3 e6 5. g3 Bb4 6. Bd2 Nbd7 7. b3 Ne4 8. Nb1
Bxd2+ 9. Nbxd2 Nc3 10. Qc1 Nf6 11. Bg2 O-O 12. a4 Nce4 13. Ne5 Nxd2 14. Qxd2
Bf5 15. O-O Rc8 16. f3 h6 17. g4 Bh7 18. Rac1 c5 19. c4 cxd4 20. Qxd4 Qd6 21.
f4 b6 22. Rfd1 Rfd8 23. a5 Qb8 24. axb6 axb6 25. Rd2 dxc4 26. Qc3 Rxd2 27. Qxd2
b5 28. bxc4 bxc4 29. Rxc4 Rxc4 30. Nxc4 Nxg4 31. h3 Qb1+ 32. Bf1 Bf5 33. hxg4
Bxg4 34. Ne5 Bh3 35. Qf2 f6 36. Nf3 Qc1 37. Qe1 Qxe1 38. Nxe1 Bf5 39. Bd3 Bxd3
40. Nxd3 Kf7 41. Kf2 g5 42. Kg3 gxf4+ 43. Nxf4 e5 44. Nh5 Kg6 45. Kh4 f5 46.
Ng3 f4 47. exf4 exf4 48. Ne4 Kf5 49. Nd2 Kg6 50. Kg4 1/2-1/2